zpět

Detail výsledku týmu

Na Kovárně, Nový Hrádek

Datum a čas kvízu

21 Celkem bodů Celkový počet nahraných bodů na tomto kvízu bez doplňovacích otázek.
5. Pořadí na kvízu Konečné umístění týmu na tomto kvízu.

Zaznamenané odpovědi

# Otázka Odpověď Body Výsledky
1. V pondělí jsme si připomněli D... Jan Cina 1
2. Minulý týden média informovala... v Chorvatsku 0
3. Která česká kapela odehrála v... J.A.R. 0
4. Relativně málo známý Portrét E... Gustav Klimt 0
5. Na fotbalové mistrovství světa... Curaçao 0
6. Za půl bodu uveďte název ameri... Bratrstvo neohrožených/Band of Brothers; rota E/Easy Company 1
7. Seřaďte následující vojenské h... 1C 2A 3B 4D 1
8. Po půl bodu uveďte jméno inter... Karel Kryl; Píseň neznámého vojína 0.5
9. Jednotka českých a slovenských... o Francii 1
10. Ve kterém satirickém románu vy... Hlava XXII (Catch-22) 1